[Event "31st Bulgarian Open Chmpionshi"]
[Site "Plovdiv, Bulgaria"]
[Date "2009.02.02"]
[Round "3.3"]
[White "Pavlidis, Antonios"]
[Black "Chatalbashev, Boris"]
[Result "1/2-1/2"]
[WhiteElo "2278"]
[BlackElo "2560"]
[PlyCount "74"]
[EventDate "2009.02.01"]

1. e4 g6 2. d4 Bg7 3. Nc3 c6 4. Be3 d5 5. Qd2 dxe4 6. Nxe4 Nd7 7. Bc4 Nb6 8.
Bb3 Nd5 9. Nf3 Bf5 10. Ng3 Ngf6 11. Bh6 Bxh6 12. Qxh6 Qa5+ 13. c3 Qa6 14. Ne5
Be6 15. Bc4 Qb6 16. Qd2 O-O 17. Nd3 Nc7 18. Bxe6 Nxe6 19. O-O c5 20. Nxc5 Nxc5
21. dxc5 Qxc5 22. Rad1 Rac8 23. Rfe1 Kg7 24. Ne4 Nxe4 25. Rxe4 Rc7 26. Rh4 h5
27. Rd4 e6 28. Rd8 Rxd8 29. Qxd8 b5 30. Qd4+ e5 31. Qe4 f5 32. Qa8 e4 33. Qe8
Re7 34. Rd7 Rxd7 35. Qxd7+ Kh6 36. Qd2+ g5 37. Qd8 Qe5 1/2-1/2

[Event "31st Bulgarian Open Chmpionshi"]
[Site "Plovdiv, Bulgaria"]
[Date "2009.02.02"]
[Round "3.4"]
[White "Rusev, Krasimir"]
[Black "Popov, Petar"]
[Result "1/2-1/2"]
[WhiteElo "2546"]
[BlackElo "2279"]
[PlyCount "95"]
[EventDate "2009.02.01"]

1. d4 d5 2. Nf3 e6 3. c4 c6 4. Qc2 Nf6 5. Bg5 Be7 6. e3 Ne4 7. Bxe7 Qxe7 8. Bd3
f5 9. O-O O-O 10. Nbd2 Nd7 11. Rac1 g5 12. Ne1 Nxd2 13. Qxd2 g4 14. f3 Nf6 15.
e4 dxe4 16. fxe4 fxe4 17. Bb1 Bd7 18. Qg5+ Qg7 19. Qe5 Rad8 20. Nc2 Bc8 21. Ne3
Ne8 22. Rxf8+ Kxf8 23. Rf1+ Kg8 24. Rf4 Qxe5 25. dxe5 h5 26. Bxe4 Ng7 27. Kf2
c5 28. Ke2 b6 29. b3 Rd7 30. Bg6 Bb7 31. h3 Rd4 32. Rxd4 cxd4 33. Nc2 d3+ 34.
Kxd3 Bxg2 35. hxg4 hxg4 36. Nd4 g3 37. Ke3 Bb7 38. b4 g2 39. Kf2 Kf8 40. Nc2
Nf5 41. Bxf5 exf5 42. Ne3 Ke7 43. Nxf5+ Ke6 44. Nd6 Bf3 45. Nb5 Kxe5 46. Nxa7
Kd4 47. Nc8 Kxc4 48. Nxb6+ 1/2-1/2

[Event "31st Bulgarian Open Chmpionshi"]
[Site "Plovdiv, Bulgaria"]
[Date "2009.02.02"]
[Round "3.5"]
[White "Veleski, Robert"]
[Black "Vasilev, Milen"]
[Result "0-1"]
[WhiteElo "2269"]
[BlackElo "2502"]
[PlyCount "74"]
[EventDate "2009.02.01"]

1. d4 d5 2. Nf3 c6 3. Bf4 Qb6 4. Qc1 Bf5 5. Nbd2 Nf6 6. h3 e6 7. e3 c5 8. Bd3
Bxd3 9. cxd3 Nc6 10. dxc5 Bxc5 11. O-O O-O 12. a3 Rfc8 13. b4 Be7 14. Qb2 a5
15. b5 a4 16. Rfb1 Na7 17. Be5 Ne8 18. Ra2 f6 19. Bd4 Bc5 20. Qb4 Bxb4 21. Bxb6
Bxd2 22. Rxd2 Rc3 23. Bxa7 Rxa7 24. Nd4 Kf7 25. Rc2 Rxa3 26. Rc8 e5 27. b6 Ra6
28. Rc7+ Nxc7 29. bxc7 Rc3 30. Rxb7 Ke8 31. Nf5 Kd7 32. c8=Q+ Kxc8 33. Rxg7 a3
34. Ne7+ Kb8 35. Rg8+ Kb7 36. Nxd5 a2 37. Rg7+ Kb8 0-1

[Event "31st Bulgarian Open Chmpionshi"]
[Site "Plovdiv, Bulgaria"]
[Date "2009.02.02"]
[Round "3.6"]
[White "Antic, Dejan"]
[Black "Jevtic, Sasa"]
[Result "1-0"]
[WhiteElo "2495"]
[BlackElo "2275"]
[PlyCount "83"]
[EventDate "2009.02.01"]

1. d4 Nf6 2. Nf3 e6 3. c4 Bb4+ 4. Bd2 Qe7 5. g3 Nc6 6. Nc3 Bxc3 7. Bxc3 Ne4 8.
Rc1 d6 9. Bg2 O-O 10. O-O Nxc3 11. Rxc3 a5 12. d5 Nb8 13. Nd2 e5 14. Ra3 Ra6
15. f4 Nd7 16. f5 b6 17. g4 f6 18. Rg3 Nc5 19. b3 Bd7 20. a3 Bc8 21. b4 axb4
22. axb4 Nd7 23. Ne4 Bb7 24. g5 fxg5 25. Nxg5 Nf6 26. Ne6 Rf7 27. Kh1 Bc8 28.
e3 Ne8 29. Qh5 Bxe6 30. dxe6 Rf8 31. Rg1 Nf6 32. Qh4 c5 33. Bc6 Ra7 34. Bd7
Rxd7 35. Rxg7+ Qxg7 36. exd7 Nxd7 37. Qe7 Qxg1+ 38. Kxg1 Rf7 39. Qd8+ Kg7 40.
b5 e4 41. Qg5+ Kf8 42. Qh6+ 1-0

[Event "31st Bulgarian Open Chmpionshi"]
[Site "Plovdiv, Bulgaria"]
[Date "2009.02.02"]
[Round "3.7"]
[White "Petrov, Marijan"]
[Black "Andonovski, Ljubisa"]
[Result "1-0"]
[WhiteElo "2477"]
[BlackElo "2270"]
[PlyCount "51"]
[EventDate "2009.02.01"]

1. e4 c6 2. d4 d5 3. Nc3 dxe4 4. Nxe4 Bf5 5. Ng3 Bg6 6. Nf3 Nf6 7. h4 Nh5 8.
Ne5 Nxg3 9. fxg3 Nd7 10. Bf4 Nxe5 11. Bxe5 f6 12. Bf4 e5 13. dxe5 Qxd1+ 14.
Rxd1 Bxc2 15. Rc1 Be4 16. exf6 gxf6 17. Bc4 Bb4+ 18. Kf2 Bc5+ 19. Ke2 Bd4 20.
Rhe1 Bxb2 21. Kf1 f5 22. Rc2 Bf6 23. g4 Kf8 24. Bh6+ Bg7 25. Rxe4 Bxh6 26. Rf2
1-0

[Event "31st Bulgarian Open Chmpionshi"]
[Site "Plovdiv, Bulgaria"]
[Date "2009.02.02"]
[Round "3.8"]
[White "Janev, Evgeni"]
[Black "Porjazov, Petar"]
[Result "1-0"]
[WhiteElo "2454"]
[BlackElo "2268"]
[PlyCount "99"]
[EventDate "2009.02.01"]

1. e4 c5 2. Nf3 Nc6 3. Bb5 g6 4. Bxc6 bxc6 5. d3 Bg7 6. e5 f6 7. exf6 Nxf6 8.
O-O O-O 9. Nc3 Rb8 10. Ng5 d6 11. Qe1 Qd7 12. a3 Nd5 13. Nge4 e5 14. Ne2 Nf4
15. f3 Qe7 16. Kh1 g5 17. Rb1 Be6 18. b3 h6 19. Be3 Bf5 20. Bg1 Ne6 21. b4 Bxe4
22. dxe4 cxb4 23. axb4 d5 24. Ng3 d4 25. Nf5 Qd8 26. Qe2 Kh7 27. Qc4 Qd7 28. c3
Rfd8 29. Rfd1 Rb5 30. Ra1 Bf8 31. Ra6 Rc8 32. Qa2 Rc7 33. h4 Rb6 34. cxd4 exd4
35. Nxd4 Rxa6 36. Qxa6 Nf4 37. Qf1 Qf7 38. Nf5 Bxb4 39. Bh2 Rd7 40. Rc1 c5 41.
Qa6 Qe6 42. Qb5 a5 43. Bg1 Rc7 44. g3 Nd5 45. Qc4 Rd7 46. Bxc5 Qe5 47. Bd4 Qe6
48. Qc8 Ne7 49. Qh8+ Kg6 50. Qg7+ 1-0

[Event "31st Bulgarian Open Chmpionshi"]
[Site "Plovdiv, Bulgaria"]
[Date "2009.02.02"]
[Round "3.9"]
[White "Nikolaidis, Konstantinos"]
[Black "Marholev, Dimitar"]
[Result "1/2-1/2"]
[WhiteElo "2264"]
[BlackElo "2449"]
[PlyCount "102"]
[EventDate "2009.02.01"]

1. d4 d6 2. e4 Nf6 3. Nc3 g6 4. Be3 Bg7 5. Qd2 a6 6. Be2 b5 7. a3 Bb7 8. f3
Nbd7 9. Nh3 c5 10. O-O cxd4 11. Bxd4 O-O 12. Rfd1 Rc8 13. Bf1 Qc7 14. Qf2 Ne5
15. Nf4 Nc4 16. Bxf6 exf6 17. Ncd5 Qd8 18. c3 Re8 19. a4 Bxd5 20. Nxd5 Rb8 21.
Bxc4 bxc4 22. Nb4 Qc8 23. Rxd6 f5 24. Rad1 fxe4 25. fxe4 Bf8 26. Rc6 Qb7 27.
Rxc4 Rbc8 28. Rxc8 Rxc8 29. Nd3 Qxe4 30. Qf3 Qxa4 31. Ne5 Qe8 32. Nd7 Bg7 33.
Nf6+ Bxf6 34. Qxf6 a5 35. h3 a4 36. Kh1 Qe4 37. Rd8+ Rxd8 38. Qxd8+ Kg7 39. Qd2
h5 40. Kg1 h4 41. Kf1 Kf6 42. Qd8+ Kf5 43. Qd7+ Kg5 44. Qd8+ f6 45. Qd1 Qf4+
46. Kg1 Qe3+ 47. Kh1 Qe4 48. Qd2+ Kf5 49. Qd7+ Kf4 50. Qd6+ Qe5 51. Qd2+ Kf5
1/2-1/2

[Event "31st Bulgarian Open Chmpionshi"]
[Site "Plovdiv, Bulgaria"]
[Date "2009.02.02"]
[Round "3.10"]
[White "Dobrev, Nanko"]
[Black "Skoko, Milan"]
[Result "0-1"]
[WhiteElo "2409"]
[BlackElo "2248"]
[PlyCount "88"]
[EventDate "2009.02.01"]

1. d4 f5 2. e4 fxe4 3. Nc3 Nf6 4. Bg5 Nc6 5. d5 Ne5 6. Qd4 Nf7 7. Bf4 c6 8.
O-O-O Qb6 9. Qa4 Qxf2 10. Nh3 Qb6 11. Bc4 e5 12. dxe6 dxe6 13. Nb5 e5 14. Qb3
Nd5 15. Bxd5 cxd5 16. Be3 d4 17. Rhf1 Be6 18. Qa4 O-O-O 19. Bg5 Rd7 20. Nxa7+
Kb8 21. Nb5 Bxh3 22. Rxf7 Be6 23. Rxd7 Bxd7 24. c4 h6 25. Bh4 Bxb5 26. cxb5 Bd6
27. Kb1 Rc8 28. Qb3 e3 29. Bg3 Qc5 30. Qd3 Qc4 31. Qg6 Qc5 32. Qd3 g5 33. a3
Ka7 34. Re1 Kb6 35. a4 Qc4 36. Qg6 Qd5 37. Rd1 Ka5 38. Qd3 Rc4 39. b3 Rc8 40.
Kb2 h5 41. h4 gxh4 42. Bxh4 Bb4 43. Rc1 Rxc1 44. Kxc1 e2 0-1

[Event "31st Bulgarian Open Chmpionshi"]
[Site "Plovdiv, Bulgaria"]
[Date "2009.02.02"]
[Round "3.11"]
[White "Bonev, Todor"]
[Black "Kojovic, Dragan"]
[Result "1-0"]
[WhiteElo "2246"]
[BlackElo "2403"]
[PlyCount "166"]
[EventDate "2009.02.01"]

1. e4 c5 2. Nf3 Nc6 3. d4 cxd4 4. Nxd4 Qc7 5. Nc3 e6 6. Be2 a6 7. O-O Nf6 8. a3
Bd6 9. h3 Nxd4 10. Qxd4 Bh2+ 11. Kh1 Be5 12. Qd3 b5 13. f4 Bxc3 14. bxc3 Bb7
15. Bf3 Rc8 16. Bd2 Qc4 17. Rae1 O-O 18. e5 Nd5 19. f5 Qxd3 20. cxd3 exf5 21.
Bxd5 Bxd5 22. Rxf5 Rc6 23. Kg1 Re8 24. Kf2 h6 25. Rf4 Rg6 26. g3 Bc6 27. c4 Rg5
28. cxb5 axb5 29. d4 Ra8 30. Bb4 Bd5 31. Rc1 Bc4 32. Rc3 Rg6 33. Bc5 Rc6 34.
Rff3 Bd5 35. Rfe3 Kh7 36. Re1 Kg6 37. g4 Ra4 38. Ree3 Bc4 39. Kg3 h5 40. Re4
hxg4 41. hxg4 Be6 42. Ree3 Rc8 43. Bb4 Bc4 44. Kf4 Re8 45. Rh3 Ra6 46. Bc5 f6
47. Rhe3 Bd5 48. Kg3 Rh8 49. Re1 Kg5 50. exf6 gxf6 51. Be7 Re6 52. Re5+ Rxe5
53. dxe5 Rh1 54. exf6 Kg6 55. Rc5 Be6 56. Rg5+ Kf7 57. Rg7+ Ke8 58. Bc5 Bf7 59.
g5 Rc1 60. Be7 Rg1+ 61. Kf2 Rg4 62. Kf3 Rg1 63. Bc5 Rc1 64. Be3 Rf1+ 65. Ke4
d5+ 66. Kd4 Rd1+ 67. Kc5 Re1 68. Bd4 Rc1+ 69. Kd6 Rd1 70. Be5 Rg1 71. Bf4 d4
72. Rh7 Bc4 73. Ke5 d3 74. Rh8+ Kd7 75. Rh7+ Ke8 76. Rh8+ Kd7 77. Rh7+ Ke8 78.
Kf5 Bf7 79. Rh8+ Kd7 80. Rh7 Ke8 81. Rh3 Ba2 82. Re3+ Kf8 83. g6 d2 1-0

[Event "31st Bulgarian Open Chmpionshi"]
[Site "Plovdiv, Bulgaria"]
[Date "2009.02.02"]
[Round "3.12"]
[White "Popovic, Milos T"]
[Black "Janachkov, Angel"]
[Result "1/2-1/2"]
[WhiteElo "2400"]
[BlackElo "2243"]
[PlyCount "33"]
[EventDate "2009.02.01"]

1. d4 Nf6 2. Bg5 Ne4 3. Bf4 d5 4. e3 c5 5. Bd3 Qb6 6. Bxe4 Qxb2 7. Bxd5 Qxa1 8.
Ne2 e6 9. Bb3 Be7 10. O-O O-O 11. Qd2 Qb2 12. Nbc3 cxd4 13. exd4 Nc6 14. Rb1
Qa3 15. Nb5 Qa5 16. Qxa5 Nxa5 17. Nc7 1/2-1/2

[Event "31st Bulgarian Open Chmpionshi"]
[Site "Plovdiv, Bulgaria"]
[Date "2009.02.02"]
[Round "3.13"]
[White "Ketzetzis, Georgios"]
[Black "Nikolov, Sasho"]
[Result "1/2-1/2"]
[WhiteElo "2243"]
[BlackElo "2398"]
[PlyCount "69"]
[EventDate "2009.02.01"]

1. e4 d5 2. exd5 Qxd5 3. Nc3 Qd6 4. Bc4 Nf6 5. d3 a6 6. Nge2 b5 7. Bb3 Bb7 8.
O-O e6 9. Ng3 Nbd7 10. Qe2 Be7 11. f4 O-O 12. Nce4 Qc6 13. Bd2 Nc5 14. Nxc5
Bxc5+ 15. Kh1 Rae8 16. Bc3 Nd5 17. Bd2 g6 18. Rae1 Bd4 19. c3 Bg7 20. Ne4 Ne7
21. Qf2 Nf5 22. Re2 Rd8 23. d4 Qb6 24. Ng5 Bd5 25. Bxd5 Rxd5 26. g4 Nd6 27. Qh4
h6 28. Nf3 Qc6 29. Rg2 Qc4 30. Kg1 Qxa2 31. f5 exf5 32. Bxh6 fxg4 33. Ne5 Nf5
34. Rxf5 gxf5 35. Qg5 1/2-1/2

[Event "31st Bulgarian Open Chmpionshi"]
[Site "Plovdiv, Bulgaria"]
[Date "2009.02.02"]
[Round "3.14"]
[White "Dimitrov, Pavel"]
[Black "Angelov, Kosta"]
[Result "1-0"]
[WhiteElo "2395"]
[BlackElo "2229"]
[PlyCount "73"]
[EventDate "2009.02.01"]

1. e4 Nc6 2. d4 d5 3. e5 Bf5 4. c3 e6 5. f4 f6 6. Nf3 Be7 7. Bb5 Qd7 8. Be3 a6
9. Ba4 Nh6 10. Nbd2 Bd3 11. Bc2 Bxc2 12. Qxc2 O-O-O 13. O-O-O Kb8 14. h3 Na5
15. g4 Nf7 16. Rhf1 Rc8 17. b4 Qb5 18. a4 Qb6 19. Qb1 Qc6 20. Kb2 Qxa4 21. bxa5
Ba3+ 22. Ka1 Qxa5 23. Nb3 Qxc3+ 24. Ka2 Be7 25. Rd3 Qc4 26. Kb2 Qb5 27. Kc2 b6
28. Nc5 Qc6 29. Rc3 Bxc5 30. dxc5 Qa4+ 31. Qb3 Qe4+ 32. Kb2 fxe5 33. fxe5 Nxe5
34. Nd2 Qg2 35. Rf2 Qh1 36. cxb6 c5 37. Rf1 1-0

[Event "31st Bulgarian Open Chmpionshi"]
[Site "Plovdiv, Bulgaria"]
[Date "2009.02.02"]
[Round "3.15"]
[White "Vladimirov, Vladimir"]
[Black "Mitkov, Marjan"]
[Result "1/2-1/2"]
[WhiteElo "2227"]
[BlackElo "2387"]
[PlyCount "78"]
[EventDate "2009.02.01"]

1. e4 c5 2. Nc3 e6 3. Nf3 Nc6 4. d4 cxd4 5. Nxd4 Qc7 6. Be2 a6 7. O-O Nf6 8.
Be3 Bb4 9. Na4 Be7 10. Nxc6 bxc6 11. Nb6 Rb8 12. Nxc8 Qxc8 13. e5 Nd5 14. Bd4
c5 15. c4 cxd4 16. cxd5 Qc5 17. dxe6 fxe6 18. Re1 O-O 19. Bd3 g6 20. Qg4 Rf7
21. Rac1 Qb4 22. b3 Rbf8 23. Rf1 Qd2 24. Rcd1 Qxa2 25. Qxd4 Qxb3 26. Bxa6 Qa3
27. Qd3 Qxd3 28. Bxd3 Bc5 29. Rd2 Bb4 30. Rc2 Ra8 31. g3 g5 32. Rc4 Bf8 33. h4
gxh4 34. Rxh4 Ra5 35. Re1 Bc5 36. Rg4+ Kf8 37. Rf4 Rxf4 38. gxf4 h6 39. Re2 Ra4
1/2-1/2

[Event "31st Bulgarian Open Chmpionshi"]
[Site "Plovdiv, Bulgaria"]
[Date "2009.02.02"]
[Round "3.16"]
[White "Mrdja, Milan"]
[Black "Simjanovski, Saso"]
[Result "1/2-1/2"]
[WhiteElo "2386"]
[BlackElo "2217"]
[PlyCount "146"]
[EventDate "2009.02.01"]

1. e4 g6 2. d4 Bg7 3. Nc3 c6 4. Bc4 d5 5. exd5 b5 6. Bb3 b4 7. Nce2 cxd5 8. a3
bxa3 9. Rxa3 Nf6 10. Nf3 O-O 11. O-O Ba6 12. Re1 e6 13. Ng3 Qb6 14. Ne5 Nc6 15.
Be3 Bb7 16. Qd2 Rfd8 17. Rea1 a6 18. h3 Ne4 19. Nxe4 Nxe5 20. Nc5 Nc4 21. Bxc4
dxc4 22. Qa5 Qc6 23. Nxb7 Qxb7 24. Qc3 Rdc8 25. Ra4 Qc6 26. R1a2 Bf8 27. Qe1
Qe4 28. c3 Rc6 29. Qf1 Bd6 30. Ra1 Qd5 31. Ra5 Qe4 32. Qe2 h5 33. g3 Rb6 34.
R5a2 Rab8 35. Re1 Qd5 36. Bc1 h4 37. g4 Rc8 38. Qe4 Qxe4 39. Rxe4 Rcc6 40. g5
Rb5 41. Rxh4 Be7 42. Rg4 e5 43. Re4 Re6 44. dxe5 Rbxe5 45. Rxe5 Rxe5 46. Kf1
Bxg5 47. Bxg5 Rxg5 48. Rxa6 Rb5 49. Rc6 Rxb2 50. Rxc4 Kg7 51. Rc7 Kf6 52. Kg2
Ke6 53. Kg3 Rc2 54. h4 f6 55. f3 Ke5 56. Rc5+ Ke6 57. Kf4 Rh2 58. Rc6+ Ke7 59.
Kg3 Rc2 60. c4 Rc1 61. Rc7+ Ke6 62. c5 Kf5 63. Rc8 Rc3 64. Rc6 g5 65. hxg5 Kxg5
66. Rc8 Rc2 67. Rc6 Kf5 68. Kh4 Rh2+ 69. Kg3 Rc2 70. Rc8 Kg5 71. Rg8+ Kf5 72.
Rh8 Kg6 73. Rc8 Kf5 1/2-1/2

[Event "31st Bulgarian Open Chmpionshi"]
[Site "Plovdiv, Bulgaria"]
[Date "2009.02.02"]
[Round "3.17"]
[White "Janchev, Petar"]
[Black "Pantev, Veselin"]
[Result "1/2-1/2"]
[WhiteElo "2208"]
[BlackElo "2381"]
[PlyCount "90"]
[EventDate "2009.02.01"]

1. d4 Nf6 2. c4 e6 3. g3 Bb4+ 4. Nc3 O-O 5. Bg2 d5 6. Nf3 dxc4 7. O-O Nbd7 8.
a3 Be7 9. e4 c5 10. d5 exd5 11. e5 Ne8 12. Qxd5 Nb6 13. Qe4 Qd3 14. Qf4 Nc7 15.
Ne1 Qd4 16. a4 Ne6 17. Qe3 Qxe3 18. Bxe3 Nd4 19. a5 Nd7 20. f4 Nb3 21. Ra4 Rb8
22. Nb5 Bd8 23. a6 Nb6 24. Ra3 bxa6 25. Nxa7 Bb7 26. Nc6 Bxc6 27. Bxc6 a5 28.
Nc2 Be7 29. f5 Rfd8 30. f6 gxf6 31. exf6 Bf8 32. Bf4 Bd6 33. Bh6 Rbc8 34. Be4
Bf8 35. Bxf8 Kxf8 36. Bxh7 Rc6 37. Ne3 Re6 38. Ng4 Rd4 39. Bf5 Re2 40. h4 Nd5
41. h5 Rdd2 42. Rf3 Re1+ 43. Rf1 Ree2 44. Rf3 Re1+ 45. Rf1 Ree2 1/2-1/2

[Event "31st Bulgarian Open Chmpionshi"]
[Site "Plovdiv, Bulgaria"]
[Date "2009.02.02"]
[Round "3.18"]
[White "Filev, Georgi"]
[Black "Videnova, Iva"]
[Result "1-0"]
[WhiteElo "2378"]
[BlackElo "2193"]
[PlyCount "75"]
[EventDate "2009.02.01"]

1. e4 c5 2. Nf3 Nc6 3. d4 cxd4 4. Nxd4 Qb6 5. Nb3 Nf6 6. Nc3 e6 7. Bd3 a6 8.
O-O Qc7 9. f4 d6 10. Be3 Be7 11. Qf3 O-O 12. Rae1 b5 13. e5 Nd7 14. exd6 Bxd6
15. Ne4 Be7 16. Qh3 f5 17. Nec5 Nxc5 18. Bxc5 Bxc5+ 19. Nxc5 e5 20. fxe5 Nxe5
21. b4 Ng4 22. Be2 Nf6 23. Qc3 Kh8 24. Bf3 Ra7 25. Re5 Re8 26. Rxe8+ Nxe8 27.
Re1 Nf6 28. Qd4 h6 29. c3 a5 30. a3 axb4 31. axb4 Kh7 32. g3 Ra2 33. Re2 Rxe2
34. Bxe2 Qb6 35. Bd3 Kh8 36. Qe5 Qa7 37. Bxb5 Ne4 38. Qe8+ 1-0

[Event "31st Bulgarian Open Chmpionshi"]
[Site "Plovdiv, Bulgaria"]
[Date "2009.02.02"]
[Round "3.19"]
[White "Vlashki, Nino"]
[Black "Milchev, Nikolay"]
[Result "1/2-1/2"]
[WhiteElo "2200"]
[BlackElo "2377"]
[PlyCount "21"]
[EventDate "2009.02.01"]

1. e4 d5 2. d3 e5 3. Nf3 Nc6 4. exd5 Qxd5 5. Nc3 Qe6 6. Be2 Bd7 7. d4 exd4 8.
Nxd4 Nxd4 9. Qxd4 Qd6 10. Qe4+ Be7 11. Bf4 1/2-1/2

[Event "31st Bulgarian Open Chmpionshi"]
[Site "Plovdiv, Bulgaria"]
[Date "2009.02.02"]
[Round "3.20"]
[White "Dimitrov, Radoslav"]
[Black "Dorfanis, Ilarion"]
[Result "1-0"]
[WhiteElo "2376"]
[BlackElo "2173"]
[PlyCount "53"]
[EventDate "2009.02.01"]

1. c4 e5 2. Nc3 Nf6 3. Nf3 Nc6 4. d4 exd4 5. Nxd4 Bb4 6. g3 O-O 7. Bg2 Ne5 8.
Qb3 Bc5 9. Be3 d6 10. h3 Re8 11. O-O a6 12. Rfd1 h6 13. Nc2 Ned7 14. Na4 Bxe3
15. Nxe3 Ne4 16. Bxe4 Rxe4 17. c5 Nf6 18. cxd6 cxd6 19. Nc5 Re7 20. Nc4 Qc7 21.
Nxd6 Bxh3 22. Rac1 Qa5 23. a3 b6 24. Qf3 Rd8 25. b4 Bg4 26. Qb3 Be6 27. Qb2 1-0

[Event "31st Bulgarian Open Chmpionshi"]
[Site "Plovdiv, Bulgaria"]
[Date "2009.02.02"]
[Round "3.21"]
[White "Panajotov, Janko"]
[Black "Kukov, Velislav"]
[Result "0-1"]
[WhiteElo "2199"]
[BlackElo "2373"]
[PlyCount "66"]
[EventDate "2009.02.01"]

1. e4 g6 2. d4 Bg7 3. f4 d5 4. e5 c6 5. Nf3 Na6 6. Nc3 Nc7 7. h3 h5 8. Be3 Nh6
9. Bd3 Bf5 10. Be2 Be4 11. Nh4 Nf5 12. Nxf5 Bxf5 13. Qd2 h4 14. O-O-O Ne6 15.
Bg4 Bf8 16. Rhf1 Ng7 17. Bf2 e6 18. Bf3 Bb4 19. a3 Be7 20. Rde1 b5 21. Nd1 Qb6
22. Ne3 b4 23. Nxf5 Nxf5 24. axb4 a5 25. bxa5 Rxa5 26. c3 Kd7 27. Kc2 Rb8 28.
Rb1 Ra2 29. Rfc1 Qb3+ 30. Kd3 Ba3 31. Ke2 Qc4+ 32. Ke1 Bxb2 33. Qe2 Bxc3+ 0-1

[Event "31st Bulgarian Open Chmpionshi"]
[Site "Plovdiv, Bulgaria"]
[Date "2009.02.02"]
[Round "3.22"]
[White "Arnaudov, Petar"]
[Black "Simeonov, Stefan"]
[Result "0-1"]
[WhiteElo "2194"]
[BlackElo "2350"]
[PlyCount "82"]
[EventDate "2009.02.01"]

1. e4 c5 2. Nc3 Nc6 3. g3 g6 4. Bg2 Bg7 5. d3 e6 6. Be3 Nd4 7. Nce2 d6 8. c3
Nc6 9. d4 cxd4 10. cxd4 Nge7 11. Qd2 d5 12. e5 Nf5 13. Bg5 Qb6 14. Nf3 h6 15.
Be3 Bd7 16. O-O Nxe3 17. fxe3 a5 18. Rab1 a4 19. Nc3 O-O 20. h4 f5 21. exf6
Rxf6 22. Nh2 Rxf1+ 23. Bxf1 Ne7 24. Bd3 Qd6 25. Ne2 e5 26. dxe5 Bxe5 27. Nf4
Nf5 28. Nf3 Bg7 29. Kh2 Re8 30. Re1 b5 31. Bxf5 Bxf5 32. Nd4 Bd7 33. Kg2 Re4
34. b3 g5 35. hxg5 hxg5 36. Nh5 Be5 37. Rh1 Bxd4 38. exd4 Qe7 39. Qf2 Re6 40.
Rf1 Re2 41. Nf6+ Kg7 0-1

[Event "31st Bulgarian Open Chmpionshi"]
[Site "Plovdiv, Bulgaria"]
[Date "2009.02.02"]
[Round "3.23"]
[White "Nadj Hedjesi, Balind"]
[Black "Glavchev, Stanislav"]
[Result "1-0"]
[WhiteElo "2348"]
[BlackElo "2160"]
[PlyCount "72"]
[EventDate "2009.02.01"]

1. e4 Nc6 2. Nf3 e5 3. Bb5 a6 4. Bxc6 dxc6 5. O-O Qd6 6. d3 f6 7. Be3 Be6 8. a3
c5 9. Nbd2 O-O-O 10. Qe2 Ne7 11. b4 cxb4 12. axb4 Nc6 13. Bc5 Qd7 14. d4 Bxc5
15. dxc5 Nxb4 16. Rfb1 Na2 17. Qe3 g5 18. Nb3 g4 19. Ne1 Nb4 20. Na5 Qd4 21.
Qa3 Nxc2 22. Nxc2 Qxe4 23. Ne3 Rd3 24. Qb2 f5 25. Qxb7+ Qxb7 26. Rxb7 Kd7 27.
Nac4 Rc3 28. Nxe5+ Ke7 29. Rxc7+ Kf6 30. Nd7+ Kg5 31. Nb6 h5 32. Rg7+ Kh6 33.
Re7 Bb3 34. Nxf5+ Kg5 35. Nd4 Rxc5 36. Nxb3 Rb5 1-0

[Event "31st Bulgarian Open Chmpionshi"]
[Site "Plovdiv, Bulgaria"]
[Date "2009.02.02"]
[Round "3.24"]
[White "Pelitov, Dimitar"]
[Black "Arnaudov, G  Petar"]
[Result "0-1"]
[WhiteElo "2189"]
[BlackElo "2347"]
[PlyCount "80"]
[EventDate "2009.02.01"]

1. e4 c5 2. f4 d5 3. e5 Nc6 4. Nf3 Bf5 5. Bb5 Qb6 6. Bxc6+ Qxc6 7. d4 e6 8. Nc3
Bg4 9. Be3 Nh6 10. h3 Nf5 11. hxg4 Nxe3 12. Qe2 Nxg4 13. O-O-O Nh6 14. dxc5 Nf5
15. Rh3 Bxc5 16. g4 Ne7 17. Nb5 a6 18. Nbd4 Qb6 19. Kb1 Nc6 20. Nxc6 bxc6 21.
Ng5 h6 22. f5 Qd8 23. Nf3 a5 24. Ne1 a4 25. Nd3 Qb6 26. Nxc5 Qxc5 27. fxe6 fxe6
28. Rc3 Qb6 29. Qd3 O-O 30. Qg6 Rfb8 31. Qxe6+ Kh8 32. b3 axb3 33. Rxb3 Qa6 34.
Rdd3 Rxb3+ 35. Rxb3 Qxa2+ 36. Kc1 Qa1+ 37. Kd2 Qd4+ 38. Ke2 Rf8 39. Re3 Qc4+
40. Rd3 Qxc2+ 0-1

[Event "31st Bulgarian Open Chmpionshi"]
[Site "Plovdiv, Bulgaria"]
[Date "2009.02.02"]
[Round "3.25"]
[White "Voiska, Margarita"]
[Black "Balinov, Feri"]
[Result "1/2-1/2"]
[WhiteElo "2339"]
[BlackElo "2147"]
[PlyCount "77"]
[EventDate "2009.02.01"]

1. Nf3 d5 2. c4 c6 3. Qc2 Nf6 4. g3 e6 5. Bg2 b5 6. d3 Bb7 7. O-O Nbd7 8. Nbd2
Be7 9. b3 O-O 10. Bb2 bxc4 11. dxc4 a5 12. a3 Qb6 13. Rab1 c5 14. e3 Rfd8 15.
Rfc1 Rac8 16. cxd5 exd5 17. Nh4 g6 18. Bc3 Qa7 19. Qb2 Ne8 20. Ndf3 Ndf6 21.
Bh3 Ra8 22. Rd1 Ne4 23. Be5 Bf6 24. Bxf6 N8xf6 25. Bg2 Ng4 26. Ne5 Ngxf2 27.
Rf1 f6 28. Rxf2 Nxf2 29. Nexg6 hxg6 30. Qxf6 Qa6 31. Qxf2 Qd3 32. Rc1 Rf8 33.
Qc2 Qxc2 34. Rxc2 Kg7 35. Nf3 c4 36. Nd4 Rae8 37. bxc4 Rxe3 38. Bxd5 Bxd5 39.
cxd5 1/2-1/2

[Event "31st Bulgarian Open Chmpionshi"]
[Site "Plovdiv, Bulgaria"]
[Date "2009.02.02"]
[Round "3.26"]
[White "Asparuhov, Parvan"]
[Black "Stamenkov, Vanco"]
[Result "1/2-1/2"]
[WhiteElo "2152"]
[BlackElo "2333"]
[PlyCount "67"]
[EventDate "2009.02.01"]

1. e4 c5 2. c3 d5 3. exd5 Qxd5 4. d4 Nf6 5. Nf3 e6 6. Be2 Be7 7. O-O Nc6 8.
dxc5 Qxd1 9. Rxd1 Bxc5 10. Nbd2 O-O 11. Nb3 Be7 12. Be3 b6 13. Bg5 Bb7 14. Bxf6
Bxf6 15. Rd7 Rab8 16. Rad1 Rfd8 17. Rxd8+ Rxd8 18. Rxd8+ Nxd8 19. Nfd4 Be4 20.
Nb5 a5 21. Nd2 Bc6 22. a4 Nb7 23. Nc4 Bxb5 24. axb5 Bd8 25. Bf3 Nc5 26. Kf1 Bc7
27. Ke2 f5 28. Bc6 a4 29. h3 Kf7 30. f4 Kf6 31. Ke3 g5 32. g3 h6 33. Bf3 gxf4+
34. gxf4 1/2-1/2

[Event "31st Bulgarian Open Chmpionshi"]
[Site "Plovdiv, Bulgaria"]
[Date "2009.02.02"]
[Round "3.27"]
[White "Vasovski, Nikola"]
[Black "Nesic, Nebojsa"]
[Result "1-0"]
[WhiteElo "2328"]
[BlackElo "2141"]
[PlyCount "93"]
[EventDate "2009.02.01"]

1. Nf3 Nf6 2. c4 g6 3. g3 Bg7 4. Bg2 O-O 5. d4 d6 6. Nc3 c6 7. O-O a6 8. e4
Nfd7 9. Qe2 b5 10. Bg5 h6 11. Be3 Nb6 12. Nd2 b4 13. Nd1 a5 14. f4 e5 15. dxe5
dxe5 16. f5 N8d7 17. Nf2 g5 18. Rfd1 Ba6 19. Rac1 Qe7 20. Nd3 Rfd8 21. Qf2 Bf8
22. Bf1 Rab8 23. c5 Na4 24. Nb3 Nf6 25. Nxa5 Qc7 26. Nc4 Nxe4 27. Qf3 Naxc5 28.
Ndxe5 Rd5 29. Nd3 Nxd3 30. Bxd3 Nf6 31. h4 g4 32. Qf2 Qd8 33. Qc2 Rb7 34. Be2
Qe7 35. Bf2 Rxd1+ 36. Rxd1 Rb8 37. Bf1 Nd5 38. Re1 Qc7 39. Bg2 Rb5 40. Ne5 Ne3
41. Rxe3 Rxe5 42. Qxc6 Qxc6 43. Bxc6 Rxf5 44. Re8 Bc4 45. Be3 Rf6 46. Bd7 Be6
47. Ba4 1-0

[Event "31st Bulgarian Open Chmpionshi"]
[Site "Plovdiv, Bulgaria"]
[Date "2009.02.02"]
[Round "3.28"]
[White "Dobrev, Nayden"]
[Black "Stoinev, Metodi"]
[Result "0-1"]
[WhiteElo "2142"]
[BlackElo "2324"]
[PlyCount "142"]
[EventDate "2009.02.01"]

1. d4 Nf6 2. Bg5 d5 3. Nc3 c5 4. Bxf6 gxf6 5. e4 dxe4 6. dxc5 Qa5 7. Qd4 Nc6 8.
Qxe4 f5 9. Qe3 Bg7 10. Nge2 Be6 11. Rd1 Qb4 12. g3 Qxb2 13. Bg2 O-O 14. O-O
Bxa2 15. Rd7 e6 16. Nxa2 Qxa2 17. Rxb7 Rac8 18. Nf4 Qc4 19. Nh5 Qd4 20. Bxc6
Qxe3 21. fxe3 Rxc6 22. Nxg7 Kxg7 23. Rxa7 Rxc5 24. Rf2 Rfc8 25. Ra2 Rc3 26. Re2
R8c4 27. Kf2 h5 28. Ke1 h4 29. gxh4 Rxh4 30. Kd2 Rc8 31. c3 Kf6 32. Rb2 Rh3 33.
Rf2 Rch8 34. Kd3 R8h4 35. Rb4 Rxh2 36. Rxh2 Rxh2 37. c4 Rh4 38. Rb1 Rh3 39. c5
e5 40. c6 Ke6 41. Rc1 Rh8 42. Kc4 Kd6 43. Kb5 Rb8+ 44. Ka5 Kc7 45. Ka4 Rb6 46.
Rf1 Kxc6 47. Rxf5 Kd5 48. Rxf7 Kc4 49. Ka5 Rb5+ 50. Ka4 Rb8 51. Ka3 Kd3 52. Rf3
e4 53. Rh3 Ke2 54. Rg3 Kd3 55. Rh3 Kc3 56. Ka2 Rb2+ 57. Ka1 Rf2 58. Rh4 Kd3 59.
Kb1 Kxe3 60. Kc1 Kd3 61. Rh8 Rf1+ 62. Kb2 e3 63. Rd8+ Ke2 64. Kc2 Rf7 65. Rh8
Rc7+ 66. Kb2 Kd2 67. Rd8+ Ke1 68. Rf8 e2 69. Rf6 Rc5 70. Kb1 Kd2 71. Rd6+ Ke3
0-1